[Event "Oberliga Nord N 2223"]
[Site "Germany"]
[Date "2023.02.05"]
[Round "5.1"]
[White "Kesten, Sebastian"]
[Black "Yakovich, Yuri"]
[Result "0-1"]
[WhiteElo "2307"]
[BlackElo "2526"]
[PlyCount "120"]
[EventDate "2022.10.23"]
[EventType "team-tourn"]
[EventRounds "9"]
[EventCountry "GER"]
[SourceTitle "EXT 2025"]
[Source "ChessBase"]
[SourceDate "2024.10.14"]
[SourceVersion "1"]
[SourceVersionDate "2024.10.14"]
[SourceQuality "1"]
[WhiteTeam "Schwerin"]
[BlackTeam "Johanneum Eppendorf"]
[WhiteTeamCountry "GER"]
[BlackTeamCountry "GER"]

1. d4 Nf6 2. c4 e6 3. Nf3 d5 4. Nc3 c6 5. cxd5 exd5 6. g3 Bf5 7. Nh4 Be6 8. Bg2 Be7 9. 0-0 0-0 10. Qc2 Re8 11. Bg5 h6 12. Bd2 Nbd7 13. Rad1 Nb6 14. Bc1 Qd7 15. Rfe1 Bh3 16. Bh1 Rad8 17. Qb3 Bd6 18. Ng2 Bf5 19. Bf4 Bf8 20. Ne3 Bh7 21. Nf1 Ne4 22. Nd2 Nxd2 23. Bxd2 Nc4 24. Bf4 Nd6 25. Bxd6 Bxd6 26. Bg2 Bg6 27. e3 Re7 28. Rc1 Rde8 29. Qa4 a6 30. Qb3 h5 31. Qd1 h4 32. gxh4 Bf5 33. Ne2 Bg4 34. Qd3 Qe6 35. Ng3 Qf6 36. h5 Qg5 37. Rc2 Bxg3 38. hxg3 Bf5 39. e4 Bxe4 40. Bxe4 dxe4 41. Qe3 Qxh5 42. Rc5 Qh3 43. Qf4 Qd7 44. Re5 Qxd4 45. R1xe4 Qxe5 46. Rxe5 Rxe5 47. b3 c5 48. Kg2 b6 49. Qa4 a5 50. Qc6 R5e6 51. Qd7 g6 52. Kh3 Kg7 53. f4 Rh8+ 54. Kg4 Rh2 55. a3 Re3 56. Qb7 Rxb3 57. f5 gxf5+ 58. Kxf5 Rh6 59. g4 Rf6+ 60. Ke4 Rg3 0-1

[Event "Oberliga Nord N 2122"]
[Site "Germany"]
[Date "2022.05.29"]
[Round "5.1"]
[White "Kesten, Sebastian"]
[Black "Schulenburg, Torben"]
[Result "1-0"]
[WhiteElo "2298"]
[BlackElo "2200"]
[PlyCount "117"]
[EventDate "2021.10.31"]
[EventType "team-tourn"]
[EventRounds "9"]
[EventCountry "GER"]
[SourceTitle "EXT 2024"]
[Source "ChessBase"]
[SourceDate "2023.10.10"]
[SourceVersion "1"]
[SourceVersionDate "2023.10.10"]
[SourceQuality "1"]
[WhiteTeam "Schwerin"]
[BlackTeam "Hamburg Diogenes"]
[WhiteTeamCountry "GER"]
[BlackTeamCountry "GER"]

1. d4 Nf6 2. Nf3 g6 3. g3 Bg7 4. Bg2 0-0 5. 0-0 d5 6. c4 dxc4 7. Na3 Nc6 8. Nxc4 Be6 9. b3 Bd5 10. Bb2 a5 11. a4 Qb8 12. Nfe5 Bxg2 13. Kxg2 Nxe5 14. dxe5 Rd8 15. Qc2 Nd5 16. Rfd1 Nb4 17. Qe4 Qa7 18. e6 Bxb2 19. exf7+ Kxf7 20. Nxb2 Qa6 21. Nc4 Rxd1 22. Rxd1 Qe6 23. Qxb7 Qc6+ 24. Qxc6 Nxc6 25. Rd5 Ke6 26. Rc5 Kd7 27. e3 Rb8 28. h4 e6 29. g4 h6 30. Kg3 Ra8 31. f4 Rb8 32. Kf3 Ra8 33. h5 gxh5 34. Rxh5 Rb8 35. Rc5 Ra8 36. f5 exf5 37. gxf5 h5 38. Kf4 Rh8 39. Nxa5 Nxa5 40. Rxa5 h4 41. Rd5+ Ke7 42. Rd2 h3 43. Rh2 Kf6 44. Kg4 Rg8+ 45. Kxh3 Kxf5 46. Rc2 Ke4 47. Rxc7 Kxe3 48. Rb7 Ra8 49. Rb5 Kd4 50. a5 Ra7 51. b4 Ke4 52. Rb6 Rh7+ 53. Kg4 Rh1 54. a6 Ra1 55. b5 Kd5 56. Rb7 Rg1+ 57. Kf3 Kc5 58. a7 Ra1 59. b6 1-0

[Event "Oberliga Nord N 1819"]
[Site "Germany"]
[Date "2019.02.24"]
[Round "7.3"]
[White "Kesten, Sebastian"]
[Black "Schroeder, Christoph"]
[Result "1/2-1/2"]
[WhiteElo "2286"]
[BlackElo "2178"]
[PlyCount "135"]
[EventDate "2018.10.21"]
[EventType "team-tourn"]
[EventRounds "9"]
[EventCountry "GER"]
[SourceTitle "EXT 2020"]
[Source "ChessBase"]
[SourceDate "2019.10.17"]
[SourceVersion "1"]
[SourceVersionDate "2019.10.17"]
[SourceQuality "1"]
[WhiteTeam "Schwerin SF"]
[BlackTeam "Johanneum Eppendorf"]
[WhiteTeamCountry "GER"]
[BlackTeamCountry "GER"]

1. c4 e6 2. g3 d5 3. Bg2 Nf6 4. b3 Be7 5. Bb2 0-0 6. Nf3 b6 7. 0-0 Bb7 8. e3 c5 9. Qe2 Nbd7 10. d3 Qc7 11. Nbd2 Rac8 12. Rac1 Qb8 13. e4 dxe4 14. dxe4 Qa8 15. Rfe1 Rfd8 16. e5 Ne8 17. Ne4 Bxe4 18. Qxe4 Qxe4 19. Rxe4 Nb8 20. Bf1 Nc6 21. Rb1 Rd7 22. Bc3 Rcd8 23. Ree1 Nc7 24. a3 a5 25. Rec1 Na6 26. Ne1 Nd4 27. Kg2 h5 28. f4 g6 29. Kf2 Kg7 30. Bg2 Kh7 31. Be4 Kg7 32. Ng2 Kh7 33. h3 Kg7 34. Ne3 Rh8 35. Rd1 f5 36. Bc6 Rc7 37. Bg2 Rd8 38. g4 hxg4 39. hxg4 Bh4+ 40. Kf1 fxg4 41. Nxg4 Rf7 42. Bd2 g5 43. Be3 gxf4 44. Bxd4 Rfd7 45. Bd5 cxd4 46. Bxe6 Re7 47. Bd5 Nc7 48. Rxd4 Ne6 49. Rd3 Kg6 50. Rbd1 Kg5 51. Bxe6 Rxd3 52. Rxd3 Rxe6 53. Nh2 Kg6 54. Nf3 Be7 55. Nd4 Rxe5 56. Nc6 Re6 57. Nxe7+ Rxe7 58. Rd6+ Kf5 59. Rxb6 Ke4 60. Kf2 Kd4 61. a4 Re3 62. Rb5 Rh3 63. Rb8 Ke4 64. Re8+ Kd4 65. Rd8+ Ke4 66. Re8+ Kd4 67. Rb8 Ke4 68. Re8+ 1/2-1/2

[Event "Oberliga Nord N 1617"]
[Site "Germany"]
[Date "2017.03.19"]
[Round "7.2"]
[White "Skibbe, Willi"]
[Black "Kesten, Sebastian"]
[Result "1/2-1/2"]
[WhiteElo "2292"]
[BlackElo "2275"]
[PlyCount "40"]
[EventDate "2016.10.16"]
[EventType "team-tourn"]
[EventRounds "9"]
[EventCountry "GER"]
[SourceTitle "EXT 2018"]
[Source "ChessBase"]
[SourceDate "2017.10.13"]
[SourceVersion "1"]
[SourceVersionDate "2017.10.13"]
[SourceQuality "1"]
[WhiteTeam "Rostock"]
[BlackTeam "Schwerin"]
[WhiteTeamCountry "GER"]
[BlackTeamCountry "GER"]

1. d4 Nf6 2. c4 g6 3. Nc3 Bg7 4. e4 d6 5. Be2 0-0 6. Be3 Na6 7. g4 c5 8. d5 Qa5 9. f3 Nc7 10. Qd2 Re8 11. h4 a6 12. h5 b5 13. hxg6 fxg6 14. e5 dxe5 15. g5 Nd7 16. Ne4 Qxd2+ 17. Kxd2 bxc4 18. d6 Nd5 19. dxe7 Nxe3 20. Kxe3 Nb6 1/2-1/2

[Event "Oberliga Nord N 1617"]
[Site "Germany"]
[Date "2016.12.04"]
[Round "3.2"]
[White "Parvanyan, Ashot"]
[Black "Kesten, Sebastian"]
[Result "1/2-1/2"]
[WhiteElo "2359"]
[BlackElo "2275"]
[PlyCount "39"]
[EventDate "2016.10.16"]
[EventType "team-tourn"]
[EventRounds "9"]
[EventCountry "GER"]
[SourceTitle "EXT 2018"]
[Source "ChessBase"]
[SourceDate "2017.10.13"]
[SourceVersion "1"]
[SourceVersionDate "2017.10.13"]
[SourceQuality "1"]
[WhiteTeam "Neumuenster Agon"]
[BlackTeam "Schwerin"]
[WhiteTeamCountry "GER"]
[BlackTeamCountry "GER"]

1. Nf3 g6 2. c4 Bg7 3. e4 c5 4. d4 cxd4 5. Nxd4 Qb6 6. Nb3 d6 7. Be2 Be6 8. Be3 Qc7 9. Nd4 Nc6 10. Nc3 Nxd4 11. Bxd4 Nf6 12. 0-0 0-0 13. Rc1 Rfc8 14. Nd5 Bxd5 15. exd5 Nd7 16. Bxg7 Kxg7 17. Re1 Re8 18. Bf1 Qc5 19. Rc3 Nf8 20. Qd2 1/2-1/2

[Event "BL2-Nord 1516"]
[Site "Germany"]
[Date "2016.04.24"]
[Round "2.2"]
[White "Kesten, Sebastian"]
[Black "Rabiega, Robert"]
[Result "1/2-1/2"]
[WhiteElo "2248"]
[BlackElo "2507"]
[PlyCount "26"]
[EventDate "2015.09.19"]
[EventType "team-tourn"]
[EventRounds "9"]
[EventCountry "GER"]
[SourceTitle "EXT 2017"]
[Source "ChessBase"]
[SourceDate "2016.10.25"]
[SourceVersion "1"]
[SourceVersionDate "2016.10.25"]
[SourceQuality "1"]
[WhiteTeam "Schwerin"]
[BlackTeam "Koenig Tegel"]
[WhiteTeamCountry "GER"]
[BlackTeamCountry "GER"]

1. c4 e5 2. g3 Nf6 3. Bg2 d5 4. cxd5 Nxd5 5. Nc3 Nb6 6. Nf3 Nc6 7. 0-0 Be7 8. d3 0-0 9. b3 Bg4 10. Bb2 Qd7 11. Ne4 f6 12. Re1 a5 13. a3 Rfd8 1/2-1/2

[Event "BL2-Nord 1516"]
[Site "Germany"]
[Date "2016.01.17"]
[Round "5.2"]
[White "Dudzinski, Piotr"]
[Black "Kesten, Sebastian"]
[Result "1-0"]
[WhiteElo "2386"]
[BlackElo "2248"]
[PlyCount "63"]
[EventDate "2015.09.19"]
[EventType "team-tourn"]
[EventRounds "9"]
[EventCountry "GER"]
[SourceTitle "EXT 2017"]
[Source "ChessBase"]
[SourceDate "2016.10.25"]
[SourceVersion "1"]
[SourceVersionDate "2016.10.25"]
[SourceQuality "1"]
[WhiteTeam "Ruedersdorf"]
[BlackTeam "Schwerin"]
[WhiteTeamCountry "GER"]
[BlackTeamCountry "GER"]

1. e4 c5 2. c3 Nf6 3. e5 Nd5 4. d4 cxd4 5. cxd4 Nc6 6. Nc3 Nxc3 7. bxc3 g6 8. h4 h5 9. Nf3 Bg7 10. Ng5 Qa5 11. Bd2 d6 12. Qb3 0-0 13. Bc4 Nd8 14. exd6 e5 15. 0-0 exd4 16. Rac1 Bd7 17. Rfe1 Rc8 18. Re7 Ba4 19. Qb4 Qxb4 20. cxb4 Rc6 21. b5 Rxd6 22. Ne4 Rb6 23. Ba5 Rxb5 24. Bxd8 Rxd8 25. Rxf7 Re5 26. Rxb7+ Kh8 27. Ng5 Be8 28. Bd3 Bf6 29. Rh7+ Kg8 30. Bc4+ Kf8 31. Ne6+ Rxe6 32. Bxe6 1-0

[Event "BL2-Nord 1516"]
[Site "Germany"]
[Date "2015.12.13"]
[Round "4.5"]
[White "Schnitzer, Peter"]
[Black "Kesten, Sebastian"]
[Result "0-1"]
[WhiteElo "2168"]
[BlackElo "2248"]
[PlyCount "114"]
[EventDate "2015.09.19"]
[EventType "team-tourn"]
[EventRounds "9"]
[EventCountry "GER"]
[SourceTitle "EXT 2017"]
[Source "ChessBase"]
[SourceDate "2016.10.25"]
[SourceVersion "1"]
[SourceVersionDate "2016.10.25"]
[SourceQuality "1"]
[WhiteTeam "Kreuzberg"]
[BlackTeam "Schwerin"]
[WhiteTeamCountry "GER"]
[BlackTeamCountry "GER"]

1. e4 c5 2. Nf3 Nc6 3. d4 cxd4 4. Nxd4 g6 5. Nc3 Bg7 6. Be3 Nf6 7. Be2 0-0 8. Nb3 d6 9. f4 b6 10. 0-0 Bb7 11. Bf3 Nd7 12. Qd2 b5 13. Nxb5 Bxb2 14. Rad1 Nb6 15. Be2 Bg7 16. c4 Na4 17. Rc1 a6 18. N5d4 Nxd4 19. Bxd4 e5 20. Ba1 Bxe4 21. c5 Nxc5 22. Nxc5 dxc5 23. Qe3 Qd5 24. Bc4 Qb7 25. fxe5 Bxg2 26. Rxf7 Rxf7 27. Bxf7+ Qxf7 28. Kxg2 Qxa2+ 29. Kg1 Rc8 30. Qd3 Qe6 31. Qd6 Qg4+ 32. Kh1 Qf3+ 33. Kg1 Qe3+ 34. Kg2 Qe4+ 35. Kg1 Re8 36. Qxc5 Bxe5 37. Bxe5 Qxe5 38. Qxe5 Rxe5 39. Rc7 Re6 40. Ra7 h5 41. Kg2 Kf8 42. Kg3 Ke8 43. Kf4 Kd8 44. Kg5 Kc8 45. h4 Kb8 46. Rd7 a5 47. Kh6 a4 48. Rd3 Kc7 49. Rd4 Ra6 50. Rd1 a3 51. Ra1 a2 52. Kg7 Kd8 53. Kf8 Ra7 54. Kg8 Ke8 55. Kh8 Kf7 56. Kh7 Kf6+ 57. Kh6 Ra6 0-1

[Event "BL2-Nord 1516"]
[Site "Germany"]
[Date "2015.09.19"]
[Round "3.5"]
[White "Kesten, Sebastian"]
[Black "Luch, Michal"]
[Result "1/2-1/2"]
[WhiteElo "2248"]
[BlackElo "2449"]
[PlyCount "30"]
[EventDate "2015.09.19"]
[EventType "team-tourn"]
[EventRounds "9"]
[EventCountry "GER"]
[SourceTitle "EXT 2017"]
[Source "ChessBase"]
[SourceDate "2016.10.25"]
[SourceVersion "1"]
[SourceVersionDate "2016.10.25"]
[SourceQuality "1"]
[WhiteTeam "Schwerin"]
[BlackTeam "Zehlendorf"]
[WhiteTeamCountry "GER"]
[BlackTeamCountry "GER"]

1. c4 f5 2. g3 Nf6 3. Bg2 g6 4. Nc3 Bg7 5. e3 0-0 6. Nge2 e5 7. d3 d6 8. 0-0 c6 9. b4 Be6 10. b5 d5 11. bxc6 bxc6 12. cxd5 cxd5 13. Ba3 Re8 14. Rc1 Nbd7 15. Qa4 a6 1/2-1/2

[Event "BL2-Nord 1415"]
[Site "Germany"]
[Date "2015.03.15"]
[Round "8.4"]
[White "Michna, Marta"]
[Black "Kesten, Sebastian"]
[Result "1-0"]
[WhiteElo "2337"]
[BlackElo "2232"]
[PlyCount "63"]
[EventDate "2014.09.21"]
[EventType "team-tourn"]
[EventRounds "9"]
[EventCountry "GER"]
[SourceTitle "CBM 166 Extra"]
[Source "ChessBase"]
[SourceDate "2015.06.18"]
[SourceVersion "1"]
[SourceVersionDate "2015.06.18"]
[SourceQuality "1"]
[WhiteTeam "Norderstedt"]
[BlackTeam "Schwerin"]
[WhiteTeamCountry "GER"]
[BlackTeamCountry "GER"]

1. d4 Nf6 2. Bg5 e6 3. e4 h6 4. Bxf6 Qxf6 5. c3 d6 6. Bd3 e5 7. Ne2 Nc6 8. 0-0 g5 9. Bb5 a6 10. Ba4 b5 11. Bb3 Rb8 12. a4 b4 13. a5 Bd7 14. Ba4 exd4 15. Nxd4 Nxd4 16. Bxd7+ Kxd7 17. cxd4 Bg7 18. e5 Qe6 19. Nd2 dxe5 20. Ne4 Ke7 21. d5 Qg6 22. Qc2 Rhc8 23. Qc4 f5 24. Nc5 Rb5 25. Ne6 Rxd5 26. Nxg7 Rd4 27. Qc5+ Kf6 28. Rad1 Qxg7 29. Qc6+ Ke7 30. Rxd4 exd4 31. Re1+ Kf8 32. Re6 1-0

[Event "Oberliga Nord N 1314"]
[Site "Germany"]
[Date "2014.04.06"]
[Round "9.4"]
[White "Reimer, Wolf"]
[Black "Kesten, Sebastian"]
[Result "1-0"]
[WhiteElo "2106"]
[BlackElo "2203"]
[PlyCount "73"]
[EventDate "2013.10.13"]
[EventType "team-tourn"]
[EventRounds "9"]
[EventCountry "GER"]
[SourceTitle "EXT 2015"]
[Source "ChessBase"]
[SourceDate "2014.11.20"]
[SourceVersion "1"]
[SourceVersionDate "2014.11.20"]
[SourceQuality "1"]
[WhiteTeam "Luebeck II"]
[BlackTeam "Schwerin"]
[WhiteTeamCountry "GER"]
[BlackTeamCountry "GER"]

1. d4 Nf6 2. c4 c5 3. d5 e6 4. Nc3 exd5 5. cxd5 d6 6. Nf3 g6 7. Bf4 Nh5 8. Bg5 f6 9. Bc1 Be7 10. e4 0-0 11. Be2 Ng7 12. 0-0 Nd7 13. Re1 a6 14. a4 b6 15. Bf1 Rb8 16. Rb1 Ne5 17. Nd2 g5 18. Nc4 Qd7 19. b4 Qc7 20. bxc5 bxc5 21. Rxb8 Qxb8 22. Nxe5 fxe5 23. Be3 Bd8 24. Qd2 g4 25. Rb1 Qa7 26. Nd1 Rf7 27. Bg5 Bxg5 28. Qxg5 Qc7 29. Ne3 h5 30. Nc4 Rf4 31. Rb6 Bd7 32. Rxd6 Bxa4 33. Rd8+ Kh7 34. Nxe5 Qb6 35. d6 Be8 36. Rxe8 Qxd6 37. Re7 1-0

[Event "Guben op 16th"]
[Site "Guben"]
[Date "2013.01.02"]
[Round "1"]
[White "Hauff, Andre"]
[Black "Kesten, Sebastian"]
[Result "0-1"]
[WhiteElo "1961"]
[BlackElo "2225"]
[PlyCount "52"]
[EventDate "2013.01.02"]
[EventType "swiss"]
[EventRounds "7"]
[EventCountry "GER"]
[SourceTitle "EXT 2014"]
[Source "ChessBase"]
[SourceDate "2013.11.20"]
[SourceVersion "1"]
[SourceVersionDate "2013.11.20"]
[SourceQuality "1"]

1. d4 Nf6 2. c4 c5 3. d5 e6 4. Nc3 exd5 5. cxd5 d6 6. e4 g6 7. f4 Bg7 8. Bb5+ Nfd7 9. a4 0-0 10. Nf3 Na6 11. 0-0 Nc7 12. Re1 a6 13. Bxd7 Bxd7 14. e5 Bg4 15. h3 Bxf3 16. Qxf3 Re8 17. e6 fxe6 18. dxe6 Rxe6 19. Rxe6 Nxe6 20. Qd5 Qd7 21. Ne4 Kh8 22. Qxd6 Rd8 23. Qxd7 Rxd7 24. Kf2 Rd1 25. Nc3 Bxc3 26. bxc3 Nxf4 0-1

[Event "BL2-Nord 1112"]
[Site "Germany"]
[Date "2012.04.15"]
[Round "9.2"]
[White "Svane, Rasmus"]
[Black "Kesten, Sebastian"]
[Result "1/2-1/2"]
[WhiteElo "2351"]
[BlackElo "2221"]
[PlyCount "141"]
[EventDate "2011.10.02"]
[EventType "team-tourn"]
[EventRounds "9"]
[EventCountry "GER"]
[SourceTitle "EXT 2015"]
[Source "ChessBase"]
[SourceDate "2014.11.20"]
[SourceVersion "1"]
[SourceVersionDate "2014.11.20"]
[SourceQuality "1"]
[WhiteTeam "Luebeck"]
[BlackTeam "Neukloster"]
[WhiteTeamCountry "GER"]
[BlackTeamCountry "GER"]

1. d4 Nf6 2. c4 g6 3. Nc3 Bg7 4. e4 d6 5. Nf3 0-0 6. Be2 e5 7. Be3 Ng4 8. Bg5 f6 9. Bh4 Qe8 10. dxe5 dxe5 11. Qd5+ Kh8 12. Rd1 Nh6 13. h3 c6 14. Qd2 Be6 15. 0-0 Na6 16. a3 Qf7 17. Qd3 Nc5 18. Qd6 Na6 19. c5 Bc4 20. b4 Bxe2 21. Nxe2 Qc4 22. Rfe1 Nf7 23. Qe7 g5 24. Bg3 Rab8 25. Nd2 Qa2 26. Nb1 Rfe8 27. Qd7 Red8 28. Qg4 Qb3 29. Nec3 b6 30. cxb6 axb6 31. Rd7 Nh6 32. Qd1 Qg8 33. Qd6 Rxd7 34. Qxd7 Qc8 35. Rd1 b5 36. Qe7 Ng8 37. Qf7 Nh6 38. Qe7 Ng8 39. Qd6 Bf8 40. Qd7 c5 41. bxc5 Qxd7 42. Rxd7 Nxc5 43. Rd5 b4 44. axb4 Rxb4 45. Nd2 Ne6 46. Nf3 Nc5 47. Nxe5 Nxe4 48. Nxe4 Rxe4 49. Nf3 Be7 50. h4 h6 51. h5 Ba3 52. Nd4 Ne7 53. Rd8+ Kg7 54. Nb5 Bc5 55. Rd7 f5 56. Rc7 Bb6 57. Rb7 Bc5 58. Bd6 Bxd6 59. Nxd6 Re1+ 60. Kh2 Kf6 61. Ne8+ Kf7 62. Nd6+ Kf6 63. Ne8+ Kf7 64. Nc7 Re5 65. Rb6 Ng8 66. Nb5 Nf6 67. Nd6+ Ke7 68. Nc8+ Kf7 69. Nd6+ Ke7 70. Nc8+ Kf7 71. Nd6+ 1/2-1/2

[Event "BL2-Nord 1112"]
[Site "Germany"]
[Date "2012.02.26"]
[Round "7.2"]
[White "Schoewel, Matthias"]
[Black "Kesten, Sebastian"]
[Result "1/2-1/2"]
[WhiteElo "2220"]
[BlackElo "2221"]
[PlyCount "33"]
[EventDate "2011.10.02"]
[EventType "team-tourn"]
[EventRounds "9"]
[EventCountry "GER"]
[SourceTitle "EXT 2015"]
[Source "ChessBase"]
[SourceDate "2014.11.20"]
[SourceVersion "1"]
[SourceVersionDate "2014.11.20"]
[SourceQuality "1"]
[WhiteTeam "Oberschoeneweide"]
[BlackTeam "Neukloster"]
[WhiteTeamCountry "GER"]
[BlackTeamCountry "GER"]

1. e4 c5 2. Nf3 Nc6 3. d4 cxd4 4. Nxd4 g6 5. Be2 Bg7 6. Be3 Nf6 7. Nc3 0-0 8. 0-0 d5 9. exd5 Nb4 10. Qd2 Nbxd5 11. Nxd5 Nxd5 12. Bh6 e5 13. Nb3 Nf4 14. Bxf4 exf4 15. Qxd8 Rxd8 16. c3 Be6 17. Rfd1 1/2-1/2

[Event "BL2-Nord 1112"]
[Site "Germany"]
[Date "2011.10.23"]
[Round "2.2"]
[White "Szelag, Marcin"]
[Black "Kesten, Sebastian"]
[Result "1-0"]
[WhiteElo "2466"]
[BlackElo "2221"]
[PlyCount "55"]
[EventDate "2011.10.02"]
[EventType "team-tourn"]
[EventRounds "9"]
[EventCountry "GER"]
[SourceTitle "EXT 2015"]
[Source "ChessBase"]
[SourceDate "2014.11.20"]
[SourceVersion "1"]
[SourceVersionDate "2014.11.20"]
[SourceQuality "1"]
[WhiteTeam "Rostock"]
[BlackTeam "Neukloster"]
[WhiteTeamCountry "GER"]
[BlackTeamCountry "GER"]

1. e4 c5 2. Nf3 Nc6 3. d4 cxd4 4. Nxd4 e5 5. Nb5 a6 6. Nd6+ Bxd6 7. Qxd6 Qf6 8. Qa3 Nge7 9. Nc3 Rb8 10. Be3 b5 11. Nd5 Nxd5 12. exd5 Ne7 13. Ba7 Ra8 14. Bc5 Bb7 15. 0-0-0 Nxd5 16. Be2 b4 17. Qb3 d6 18. Bxb4 Nxb4 19. Qxb4 Bxg2 20. Rhg1 Bh3 21. Rg3 Bf5 22. Rxd6 Qe7 23. Qa4+ Bd7 24. Rxa6 Rb8 25. Qa3 Qxa3 26. Raxa3 0-0 27. Ra7 Bf5 28. Bc4 1-0

[Event "Wunsiedel op 5th"]
[Site "Wunsiedel"]
[Date "2011.06.03"]
[Round "3"]
[White "Kesten, Sebastian"]
[Black "Stets, Dmitry"]
[Result "0-1"]
[WhiteElo "2198"]
[BlackElo "2488"]
[PlyCount "54"]
[EventDate "2011.06.02"]
[EventType "swiss"]
[EventRounds "7"]
[EventCountry "GER"]
[SourceTitle "CBM 142 Extra"]
[Source "ChessBase"]
[SourceDate "2011.06.27"]
[SourceVersion "1"]
[SourceVersionDate "2011.06.27"]
[SourceQuality "1"]

1. d4 Nf6 2. Nf3 g6 3. c4 Bg7 4. Nc3 0-0 5. e4 d6 6. Be2 e5 7. 0-0 Nc6 8. d5 Ne7 9. Ne1 Nd7 10. Be3 f5 11. f3 f4 12. Bf2 g5 13. Rc1 Rf6 14. c5 a6 15. cxd6 cxd6 16. a4 Rh6 17. Kh1 Nf6 18. Nd3 Qe8 19. a5 Bd7 20. g4 fxg3 21. Bxg3 Ng6 22. Qb3 Nf4 23. Qxb7 N6h5 24. Bf2 Rb8 25. Qa7 Nxd3 26. Bxd3 Nf4 27. Qe3 Rxh2+ 0-1

[Event "BL2-Nord 1011"]
[Site "Germany"]
[Date "2010.12.12"]
[Round "4.7"]
[White "Lampe, Dirk"]
[Black "Kesten, Sebastian"]
[Result "0-1"]
[WhiteElo "2262"]
[BlackElo "2163"]
[PlyCount "130"]
[EventDate "2010.10.10"]
[EventType "team-tourn"]
[EventRounds "9"]
[EventCountry "GER"]
[SourceTitle "EXT 2012"]
[Source "ChessBase"]
[SourceDate "2011.11.24"]
[SourceVersion "1"]
[SourceVersionDate "2011.11.24"]
[SourceQuality "1"]
[WhiteTeam "Luebeck"]
[BlackTeam "Neukloster"]
[WhiteTeamCountry "GER"]
[BlackTeamCountry "GER"]

1. e4 c5 2. Nf3 Nc6 3. d4 cxd4 4. Nxd4 g6 5. c4 Nf6 6. Nc3 Nxd4 7. Qxd4 Bg7 8. e5 Ng8 9. Bf4 d6 10. 0-0-0 Bg4 11. f3 dxe5 12. Qxd8+ Rxd8 13. Rxd8+ Kxd8 14. Be3 Bf5 15. g4 Bd7 16. Bxa7 Bc6 17. Be2 Nf6 18. Bb6+ Kc8 19. Be3 Nxg4 20. Bb6 Bh6+ 21. Kb1 Be3 22. c5 Nf6 23. Rd1 Nd7 24. Ba7 Kc7 25. Nb5+ Bxb5 26. Bxb5 Bd4 27. f4 f6 28. fxe5 fxe5 29. Bxd7 Kxd7 30. c6+ Kxc6 31. Bxd4 exd4 32. Rxd4 e5 33. Rd2 Rf8 34. Kc2 Rf3 35. Kd1 g5 36. Rc2+ Kd6 37. Rd2+ Ke6 38. Rc2 g4 39. b4 h5 40. b5 Rf1+ 41. Ke2 Rb1 42. a4 Rb4 43. Rc7 Rxa4 44. Rxb7 Ra2+ 45. Ke3 Rxh2 46. Rh7 Kd5 47. b6 Rh3+ 48. Kf2 Rb3 49. b7 Ke4 50. Rxh5 Rxb7 51. Kg3 Rf7 52. Rh8 Rc7 53. Rd8 Ke3 54. Kxg4 e4 55. Ra8 Rg7+ 56. Kf5 Kf3 57. Ke5 e3 58. Rf8+ Kg2 59. Kd4 e2 60. Re8 Rd7+ 61. Kc3 Kf1 62. Rf8+ Ke1 63. Kc2 Rc7+ 64. Kb1 Rc4 65. Kb2 Kd2 0-1

[Event "BL2-Nord 1011"]
[Site "Germany"]
[Date "2010.10.10"]
[Round "1.6"]
[White "Kesten, Sebastian"]
[Black "Steffens, Olaf"]
[Result "1-0"]
[WhiteElo "2163"]
[BlackElo "2273"]
[PlyCount "77"]
[EventDate "2010.10.10"]
[EventType "team-tourn"]
[EventRounds "9"]
[EventCountry "GER"]
[SourceTitle "EXT 2012"]
[Source "ChessBase"]
[SourceDate "2011.11.24"]
[SourceVersion "1"]
[SourceVersionDate "2011.11.24"]
[SourceQuality "1"]
[WhiteTeam "Neukloster"]
[BlackTeam "Werder Bremen II"]
[WhiteTeamCountry "GER"]
[BlackTeamCountry "GER"]

1. d4 d6 2. Nf3 g6 3. c4 Bg7 4. Nc3 Bg4 5. e3 c5 6. Be2 cxd4 7. Nxd4 Bxe2 8. Ndxe2 Nf6 9. 0-0 0-0 10. b3 d5 11. cxd5 Nxd5 12. Qxd5 Qxd5 13. Nxd5 Bxa1 14. Nc7 Nc6 15. Nxa8 Rxa8 16. Ba3 Bf6 17. Rd1 a5 18. f4 b5 19. Rc1 Ra6 20. Rc5 Na7 21. Bc1 a4 22. b4 Rc6 23. e4 Rxc5 24. bxc5 e6 25. Be3 b4 26. Bd4 Be7 27. Kf2 Nc6 28. Ke3 g5 29. g3 gxf4+ 30. gxf4 f6 31. Kd3 e5 32. fxe5 fxe5 33. Ba1 Kf7 34. Kc4 Ke6 35. Nc1 Bg5 36. Nd3 Bd2 37. Kb5 Nd4+ 38. Bxd4 exd4 39. Kxa4 1-0

[Event "Oberliga Nord N 0910"]
[Site "Germany"]
[Date "2010.01.24"]
[Round "5.4"]
[White "Kesten, Sebastian"]
[Black "Hasselmann, Dieter"]
[Result "1-0"]
[WhiteElo "2130"]
[BlackElo "2131"]
[PlyCount "136"]
[EventDate "2009.10.18"]
[EventType "team-tourn"]
[EventRounds "9"]
[EventCountry "GER"]
[SourceTitle "EXT 2011"]
[Source "ChessBase"]
[SourceDate "2010.11.26"]
[SourceVersion "1"]
[SourceVersionDate "2010.11.26"]
[SourceQuality "1"]
[WhiteTeam "Neukloster"]
[BlackTeam "Schwerin"]
[WhiteTeamCountry "GER"]
[BlackTeamCountry "GER"]

1. d4 d5 2. c4 c6 3. cxd5 cxd5 4. Nc3 Nc6 5. e4 e6 6. exd5 exd5 7. Nf3 Nf6 8. Bg5 Be7 9. Be2 h6 10. Bh4 Ne4 11. Bxe7 Nxc3 12. Bxd8 Nxd1 13. Rxd1 Nxd8 14. Ne5 0-0 15. Bf3 Be6 16. Rc1 f6 17. Ng6 Re8 18. 0-0 Nc6 19. Rfd1 Rad8 20. h4 Bf7 21. h5 Rc8 22. Kf1 Bxg6 23. hxg6 Red8 24. Bg4 Rb8 25. Be6+ Kf8 26. Rc5 Ne7 27. Bf7 f5 28. Rc7 Rd6 29. Re1 Nxg6 30. Bxg6 Rxg6 31. Ree7 Rg4 32. f3 Rxd4 33. Rxg7 Rc4 34. Rcf7+ Ke8 35. Rxf5 Rbc8 36. Rxb7 Rc1+ 37. Kf2 R8c2+ 38. Kg3 Rg1 39. Re5+ Kd8 40. Rxd5+ Kc8 41. Rxa7 Rgxg2+ 42. Kf4 Rxb2 43. Rf5 Rb4+ 44. Ke3 Kb8 45. Rh7 Rg8 46. Rxh6 Re8+ 47. Kd3 Rd8+ 48. Kc3 Rbd4 49. Rh7 Rd3+ 50. Kc4 R3d4+ 51. Kb5 Rd2 52. a4 Rb2+ 53. Ka6 Rd6+ 54. Ka5 Rd8 55. Rhf7 Rbd2 56. Rf8 R2d5+ 57. Kb6 R5d6+ 58. Kc5 Rd5+ 59. Rxd5 Rxf8 60. Rd3 Rf5+ 61. Kd6 Ra5 62. Rd4 Rh5 63. f4 Kb7 64. Rc4 Kb6 65. Ke6 Rh6+ 66. Ke5 Rh1 67. f5 Rh6 68. f6 Rh1 1-0